000 00510nam a2200193Ia 4500
005 20240823040818.0
008 240823s9999||||xx |||||||||||||| ||und||
020 _a978-93-5023-924-7
041 _aENGLISH
082 _A006.78 Q2
100 _aDavid K Rensin
245 0 _aBuilding a Windows IT Infrastructure in the Cloud
250 _a1st
260 _c2012
_b"Shroff Publishers and Distributers Pvt.Ltd,M"
500 _aYES
650 _aWindows
_bComputer Science
942 _cBK
999 _c204006
_d204006